00485 a2200181 4500001000700000040002200007041001600029082001700045100002200062245001500084260003800099300000700137362001300144697002400157942000700181952009600188999001900284145429 cLeonardo Da Vinci aPortuguês aI R696bR696 aRODRIGUES, Moacir aBaby panda bSeed Editorialc2008aSão Paulo a16 a20080000 aLiteratura infantil cBK 00104070a71.1b71.1d2024-03-27l0oI R696pO014103r2024-03-27 22:50:10w2024-03-27yBK c145429d145429